Central Library OPAC University of Rajshahi

Records of the Zoological Survey of India: (Record no. 73373)

MARC details
000 -LEADER
fixed length control field 01535nam a2200349 a 4500
001 - CONTROL NUMBER
control field 73373
003 - CONTROL NUMBER IDENTIFIER
rucl marc code BD-RjUL
005 - DATE AND TIME OF LATEST TRANSACTION
control field 20211209082404.0
008 - FIXED-LENGTH DATA ELEMENTS--GENERAL INFORMATION
fixed length control field 170530s1990 ii a b f000 0 eng d
020 ## - INTERNATIONAL STANDARD BOOK NUMBER
Terms of availability : Inland: IRs.190.00 ; Foreign: $27.00
035 ## - SYSTEM CONTROL NUMBER
System control number (BD-RjUL)73591
040 ## - CATALOGING SOURCE
Original cataloging agency DLC
Transcribing agency DLC
Modifying agency BD-RjUL
Language of cataloging eng
041 ## - LANGUAGE CODE
Language code of text/sound track or separate title eng
082 00 - DEWEY DECIMAL CLASSIFICATION NUMBER
Edition number 23
Classification number 590.7230954
Author mark and year REC 1990(HAZ)
245 00 - TITLE STATEMENT
Title Records of the Zoological Survey of India:
Remainder of title Ecology of subterrenean macro and micro arthropod fauna in different degraded and polluted soil environment of West Bengal, India /
Statement of responsibility, etc. by A. K. Hazra and D. K. Choudhuri ; Edited by Zoological Survey of India
260 ## - PUBLICATION, DISTRIBUTION, ETC. (IMPRINT)
Place of publication, distribution, etc. Calcutta :
Name of publisher, distributor, etc. Zoological Survey of India,
Date of publication, distribution, etc. c1990.
300 ## - PHYSICAL DESCRIPTION
Pagination vi, 295 p. :
Illustrations ill. ;
Size 26 cm.
490 1# - SERIES STATEMENT
Series statement Occasional paper ;
Volume/sequential designation no. 120.
500 ## - GENERAL NOTE
General note Study with particular reference to mites (Acarina) and Collembola.
504 ## - BIBLIOGRAPHY, ETC. NOTE
Bibliography, etc Includes bibliographical references [p. 281-295]
650 #0 - SUBJECT ADDED ENTRY--TOPICAL TERM
Topical term or geographic name as entry element Arthropoda
General subdivision Ecology
Geographic subdivision India
-- West Bengal.
9 (RLIN) 217032
Topical term or geographic name as entry element Soil ecology
Geographic subdivision India
-- West Bengal.
9 (RLIN) 217033
Topical term or geographic name as entry element Soil degradation
General subdivision Environmental aspects
Geographic subdivision India
-- West Bengal.
9 (RLIN) 217034
Topical term or geographic name as entry element Soil pollution
Geographic subdivision India
-- West Bengal.
9 (RLIN) 217035
Topical term or geographic name as entry element Zoology
General subdivision Descriptive Research
Geographic subdivision India
9 (RLIN) 234326
700 ## - ADDED ENTRY--PERSONAL NAME
Personal name Hazra, A. K.
Personal name Choudhuri, D. K. , jt. auth.
710 ## - ADDED ENTRY--CORPORATE NAME
Corporate name or jurisdiction name as entry element Zoological Survey of India, ed.
9 (RLIN) 234329
830 #0 - SERIES ADDED ENTRY--UNIFORM TITLE
Uniform title Occasional paper ;
Volume number/sequential designation no. 120.
942 ## - ADDED ENTRY ELEMENTS (KOHA)
Source of classification or shelving scheme Dewey Decimal Classification
Koha item type Rare Books
Holdings
Lost status Source of classification or shelving scheme Damaged status Not for loan Collection code Permanent Location Current Location Shelving location Date acquired Source of acquisition Cost, normal purchase price Total Checkouts Full call number Date last seen Copy number Koha item type
  Dewey Decimal Classification   Not For Loan Rare Books Central Library, University of Rajshahi Central Library, University of Rajshahi Rare Book Section 15/05/1996 Century Book, Rajshahi 27.00   RA 590.7230954 REC 1990(HAZ) 30/05/2017 C-1 Rare Books